Электролитическое регенерация растворов гидрофтрида аммония из продуктов переработки минерального сырья; Химия и химическая технология в XXI веке; Т. 1

Λεπτομέρειες βιβλιογραφικής εγγραφής
Parent link:Химия и химическая технология в XXI веке: материалы XXV Юбилейной Международной научно-практической конференции студентов и молодых ученых имени выдающихся химиков Л.П. Кулёва и Н.М. Кижнера, посвященной 100-летию со дня рождения профессора В.П. Лопатинского, 20-24 мая 2024 г., г. Томск/ Национальный исследовательский Томский политехнический университет.— .— Томск: Изд-во ТПУ, 2024
Т. 1.— 2024.— С. 434-435
Κύριος συγγραφέας: Никифоров В. А.
Άλλοι συγγραφείς: Смороков А. А. Андрей Аркадьевич (научный руководитель), Кантаев А. С. Александр Сергеевич
Περίληψη:Заглавие с экрана
Текстовый файл
Γλώσσα:Ρωσικά
Έκδοση: 2024
Θέματα:
Διαθέσιμο Online:http://earchive.tpu.ru/handle/11683/83170
Μορφή: Ηλεκτρονική πηγή Κεφάλαιο βιβλίου
KOHA link:https://koha.lib.tpu.ru/cgi-bin/koha/opac-detail.pl?biblionumber=677462

MARC

LEADER 00000naa2a2200000 4500
001 677462
005 20250124140328.0
090 |a 677462 
100 |a 20241216d2024 k||y0rusy50 ca 
101 0 |a rus 
102 |a RU 
135 |a drcn ---uucaa 
200 1 |a Электролитическое регенерация растворов гидрофтрида аммония из продуктов переработки минерального сырья  |f В. А. Никифоров, А. А. Смороков  |g науч. рук. А. С. Кантаев 
300 |a Заглавие с экрана 
320 |a Литература: 1 назв 
336 |a Текстовый файл 
461 1 |0 677027  |9 677027  |t Химия и химическая технология в XXI веке  |o материалы XXV Юбилейной Международной научно-практической конференции студентов и молодых ученых имени выдающихся химиков Л.П. Кулёва и Н.М. Кижнера, посвященной 100-летию со дня рождения профессора В.П. Лопатинского, 20-24 мая 2024 г., г. Томск  |f Национальный исследовательский Томский политехнический университет  |c Томск  |d 2024  |n Изд-во ТПУ 
463 1 |0 677029  |9 677029  |t Т. 1  |d 2024  |v С. 434-435  |u conference_tpu-2024-C27_V1.pdf 
545 1 |a Химическая технология редких, рассеянных и радиоактивных элементов 
610 1 |a труды учёных ТПУ 
610 1 |a электронный ресурс 
610 1 |a минеральное сырье 
610 1 |a переработка 
610 1 |a гидрофторид аммония 
700 1 |a Никифоров  |b В. А. 
701 1 |a Смороков  |b А. А.  |c химик-технолог  |c старший преподаватель, младший научный сотрудник Томского политехнического университета  |f 1993-  |g Андрей Аркадьевич  |9 17436 
702 1 |a Кантаев  |b А. С.  |c химик-технолог  |c доцент Томского политехнического университета, кандидат наук  |f 1981-  |g Александр Сергеевич  |4 727 
801 0 |a RU  |b 63413507  |c 20241216  |g RCR 
850 |a 63413507 
856 4 |u http://earchive.tpu.ru/handle/11683/83170  |z http://earchive.tpu.ru/handle/11683/83170 
942 |c CF